Derechos de las Personas con Discapacidad : convención internacional sobre los derechos de las personas con discapacidad /
Guardado en:
| Autor Principal: | |
|---|---|
| Formato: | Libro |
| Idioma: | Undetermined |
| Publicado: |
Ciudad Autónoma de Buenos Aires :
Astrea,
2022.
|
| Edición: | 1a. ed. |
| Materias: | |
| Etiquetas: |
Agregar Etiqueta
Sin Etiquetas, Sea el primero en etiquetar este registro!
|
| LEADER | 00664nam a22001695a 4500 | ||
|---|---|---|---|
| 001 | DER.der014946 | ||
| 008 | 231207s2022####ag############000#0#und#d | ||
| 005 | 20231219095959.0 | ||
| 245 | 1 | 0 | |a Derechos de las Personas con Discapacidad : |b convención internacional sobre los derechos de las personas con discapacidad / |c Juan Antonio Seda. |
| 250 | |a 1a. ed. | ||
| 260 | |a Ciudad Autónoma de Buenos Aires : |b Astrea, |c 2022. | ||
| 300 | |a 176 p. | ||
| 020 | |a 9789877064186 | ||
| 100 | 1 | |a Seda, Juan Antonio, |e Coor. | |
| 650 | 7 | |a DERECHO HUMANOS DE LAS PERSONAS MAYORES | |
| 650 | 7 | |a ACCESO A LA JUSTICIA Y PROTECCION INTERNACIONAL | |
| 859 | |a DERECHO |b BIB. DERECHO |h 346.0138 |i SED |p 0010279 | ||
